000 00852nam a2200277Ia 4500
003 OSt
005 20220925164602.0
006 a|||||r|||| 00| 0
007 ta
008 220923b |||||||| |||| 00| 0 eng d
020 _a0791437353
037 _cGeneral Book
040 _aRTL
_cRTL
_beng
041 _2eng
_aeng
082 _aY2:3(Q8412).4.N9, N8
100 _aDe Vos George A
_9230699
245 0 _aConfucianism and the family
260 _aAlbany
_bState University of New York
_c1998
300 _axiv, 391p
_ccm.
490 _aSuny Series in Chinese Philosophy and Culture
500 _aBibliography chapterwise
650 _aFamily Sociology
_9230700
700 _a Slote Walter H Ed
_9230701
942 _hY2:3(Q8412).4.N9, N8
_cGB
_2CC
999 _c475485
_d475485